Kontrastná analýza odchodovosti klientov poisťovne založená na logitovom modeli diplomová práca

Na minha lista:
Detalhes bibliográficos
Autor principal: Kádárová, Klaudia
Autor Corporativo: Fakulta hospodárskej informatiky EU. Katedra matematiky a aktuárstva
Outros Autores: Šoltésová, Tatiana, 1975-
Formato: Livro
Idioma:eslovaco
Publicado em: Bratislava 2023
Tags: Adicionar Tag
Sem tags, seja o primeiro a adicionar uma tag!

MARC

LEADER 00000nbm a2200000 4500
001 0294073
005 20240202110417.3
041 0 |a slo 
044 |a SK 
245 1 0 |a Kontrastná analýza odchodovosti klientov poisťovne založená na logitovom modeli  |b diplomová práca  |c Klaudia Kádárová ; školiteľ: Tatiana Šoltésová 
264 1 |a Bratislava  |c 2023 
300 |a 85 s. 
100 1 |a Kádárová, Klaudia 
700 1 |a Šoltésová, Tatiana, 1975- 
710 2 |a Fakulta hospodárskej informatiky EU. Katedra matematiky a aktuárstva